000 00634nam a22002297a 4500
999 _c360676
_d360676
001 74385
003 UA-OsUOA
005 20200125225731.0
007 ta
008 20110406b un ||||| |||| 00| 0 ukr d
040 _aUA-OsUOA
_bukr
_cUA-OsUOA
_dUA-OsUOA
041 _aukr
080 _a94(477-25)
090 _a94(477-25)
_bА72
100 _aАнтонович Д.
245 _aКиїв
_cгол. ред. О. С. Онищенко
260 _aК.
_bБібліотечний вісник
_c1995
300 _a44 с.
650 7 _a9 Географія. Біографії. Історія
_2UDC
942 _cBK
_2udc
955 _a2